01300nam a22003617a 4500001001000000003000900010005001700019007000300036008003400039040005400073041001000127072002600137090001900163100001900182110011700201245014300318260004000461300001100501500005500512650002100567650001300588650001300601650002300614650002000637650002300657650001400680650001000694650002200704909003600726942000700762999001700769952015200786BR8005092BR-BrBNA20230928090707.0ta230509b bl.||||| |||| 00| 0 por d aBR-BrBNAbporcBiblioteca Nacional de Agricultura a(Por) aF30; F50b0180b/G514  0180 BR80050921 aScheeren, P.L.1 aUniversidade Federal do Rio Grande do Sul, Porto Alegre (Brasil). Faculdade de Agronomia0Dissertacao (Mestrado)1 aComponentes da estatura de planta e heranca do carater comprimento de pedunculo em trigo (Triticum aestivum L.)[Rio Grande do Sul, Brasil]3 aPorto Alegre, RS (Brasil): c1980.  a105 p. a27 tables; 5 graphs; 47 ref.; Summaries (Eng, Por) aGENETICA VEGETAL aGENOTIPO aFENOTIPO aESTATURA DE PLANTA aHEREDITARIEDADE aMORFOLOGIA VEGETAL aPEDUNCULO aTRIGO aRIO GRANDE DO SUL a202309bLuciac55dLucia Elande cBK c30056d30056 002AGRIS40708AGROBASEa41918b41918l0o 0180 BR8005092p0180 BR8005092r2023-09-25t01yBK10d2023-09-25ePortaria Interministerial nÂș 164/94